Ain’t No Love In Oklahoma (Twisters) - Luke Combs - All Lyrics - Statistics

General Stats
  • This quiz has been taken 126 times
  • The average score is 170 of 225
Answer Stats
Answer % Correct
I
100%
a
99%
in
96%
love
96%
no
96%
the
96%
The
96%
Oklahoma
95%
Ain't
92%
ain't
92%
of
87%
whistle
87%
black
86%
when
86%
Just
83%
that
83%
long
82%
same
82%
train
80%
old
79%
ya
79%
for
78%
keep
78%
and
76%
chasing
76%
down
76%
down,
76%
It
76%
coming
74%
devil
74%
highway
74%
my
74%
know
72%
it's
71%
rain
71%
Riding
70%
wind
68%
dead-end
67%
I'm
67%
You'll
67%
on
63%
running
63%
running,
63%
Scared
63%
scared
63%
to
63%
But
62%
but
62%
me
62%
Like
59%
death
58%
shot
58%
River
57%
breath
55%
through
55%
airplane
53%
can't
53%
Red
53%
drown
51%
catch
50%
standing
50%
storm
50%
veins
50%
nothing
49%
still
46%
all
43%
got
43%
So
43%
ground
42%
thrill
41%
saved
39%
around
38%
falling
38%
peace,
38%
Pray
38%
breathe
37%
knocking
37%
need
37%
tailspun
37%
whole
37%
world
37%
With
36%
tryna
33%
No matching quizzes found
Score Distribution
Percent of People with Each Score
Percentile by Number Answered
Your Score History
You have not taken this quiz